[Event "Philadelphia Open"]
[Site "Philadelphia, PA"]
[Date "2011.04.24"]
[Round "9"]
[White "Rentala, Nagendra"]
[Black "Brock, William"]
[Result "0-1"]
[WhiteElo "2314"]
[BlackElo "2006"]
[PlyCount "124"]
[EventDate "2011.04.??"]
[EventType "swiss"]
[EventRounds "9"]
[EventCountry "USA"]
[Source "MonRoi"]

1. e4 e5 2. Nf3 Nc6 3. Bb5 a6 4. Ba4 Nf6 5. O-O Be7 6. Re1 b5 7. Bb3 d6 8. c3
O-O 9. d4 Bg4 10. Be3 exd4 11. cxd4 d5 12. e5 Ne4 13. h3 Bh5 14. Nc3 Nxc3 15.
bxc3 Na5 16. g4 Bg6 17. Nd2 c6 18. f4 f5 19. exf6 Bxf6 20. f5 Bf7 21. Nf3 Nc4
22. Bf4 Qb6 23. g5 Bd8 24. Bxc4 dxc4 25. Bd6 Bc7 26. Bxf8 Rxf8 27. Ne5 c5 28.
Nxf7 Rxf7 29. Re8+ Rf8 30. Rxf8+ Kxf8 31. Qf3 cxd4 32. Re1 dxc3+ 33. Kf1 Qd6
34. Qxc3 Qf4+ 35. Ke2 Qe4+ 36. Qe3 Qc2+ 37. Kf1 Qxf5+ 38. Kg1 Qd7 39. Qf3+ Kg8
40. Rd1 Bb6+ 41. Kg2 Qf7 42. Qa8+ Qf8 43. Qxf8+ Kxf8 44. g6 hxg6 45. Rd6 Bc5
46. Rxa6 Be7 47. Rxg6 b4 48. Rc6 c3 49. Kf3 Ke8 50. Ke2 Kd7 51. Rg6 Bf8 52. Kd3
Ke8 53. h4 Kf7 54. h5 Be7 55. Rc6 Bf8 56. Kc4 Be7 57. Kd5 Bg5 58. Ke4 Bf6 59.
Rc4 Be7 60. Kf5 Bd6 61. Rc6 Ke7 62. Kg6 Ke6 0-1

[Event "Philadelphia Open"]
[Site "Philadelphia, PA"]
[Date "2011.04.24"]
[Round "9"]
[White "Mo, Kevin"]
[Black "Resika, Nathan"]
[Result "1/2-1/2"]
[WhiteElo "2064"]
[BlackElo "2204"]
[PlyCount "53"]
[EventDate "2011.04.??"]
[EventType "swiss"]
[EventRounds "9"]
[EventCountry "USA"]
[Source "MonRoi"]

1. e4 g6 2. d4 Bg7 3. Nc3 d6 4. f4 a6 5. a4 Nf6 6. Nf3 c5 7. d5 O-O 8. Bd3 e6
9. O-O exd5 10. Nxd5 Nxd5 11. exd5 Bg4 12. Kh1 Nd7 13. h3 Bxf3 14. Qxf3 Qh4 15.
a5 f5 16. Bd2 Rae8 17. Rae1 c4 18. Bxc4 Nc5 19. Rxe8 Rxe8 20. b4 Ne4 21. Be1
Qf6 22. Bd3 Qb2 23. g4 Qd4 24. c4 Ng5 25. fxg5 Re3 26. Bf2 Rxf3 27. Bxd4
1/2-1/2

[Event "Philadelphia Open"]
[Site "Philadelphia, PA"]
[Date "2011.04.24"]
[Round "9"]
[White "Daly, Troy"]
[Black "Ding, Andrew"]
[Result "0-1"]
[WhiteElo "2125"]
[BlackElo "2005"]
[PlyCount "78"]
[EventDate "2011.04.??"]
[EventType "swiss"]
[EventRounds "9"]
[EventCountry "USA"]
[Source "MonRoi"]

1. e4 c5 2. c4 e6 3. Nc3 a6 4. Nf3 d6 5. Be2 Nf6 6. d4 cxd4 7. Nxd4 Nbd7 8. O-O
Be7 9. Be3 O-O 10. f4 Qc7 11. Rc1 b6 12. Bf3 Bb7 13. Qe2 Rfe8 14. g4 Nc5 15.
Bf2 e5 16. fxe5 dxe5 17. Nf5 Bf8 18. b4 Ne6 19. Nd5 Qb8 20. Nh6+ Kh8 21. Nxf7+
Kg8 22. Nh6+ Kh8 23. Nf7+ Kg8 24. Nh6+ Kh8 25. Nxf6 gxf6 26. Nf5 Bxb4 27. Bh4
Rf8 28. Bg2 Nf4 29. Rxf4 exf4 30. Bxf6+ Rxf6 31. Qb2 Qf8 32. g5 Ba3 33. Qa1
Bxc1 34. gxf6 Qa3 35. f7+ Qb2 36. Qxb2+ Bxb2 37. Nd6 Bc6 38. e5 Bd4+ 39. Kf1
Bxg2+ 0-1